Нормален изглед
MARC изглед
- Северняк, Серафим
Вход 01. Лично име
001 - Контролен номер на записа
- Контролно поле: 374151
003 - Код на организацията, даваща контролен номер
- Контролно поле: BLK
005 - Дата и час на последна промяна на записа
- Контролно поле: 20240614162115.0
008 - Данни с фиксирана дължина – обща информация
- Данни с фиксирана дължина : 180422|| aca||aabn | a|a d
100 ## - ИМЕ НА ЛИЦЕ -ПЪРВИЧНА ИНТЕЛЕКТУАЛНА ОТГОВОРНОСТ
- Лично име: Северняк, Серафим
- Звания и думи, свързани с автора: псевд.
- Друга информация: Бълг. писател, журналист, редактор, драматург
- Дати, свързани с автора: 1930 - 1988
- Пълна форма на името: Серафимов, Серафим Николов
370 ## - Населено място
- Място на раждане: Горна Липница, Царство България
- Място на смърт: Хавана, Куба
942 ## - Системна служебна употреба
- Koha auth type: PERSO_NAME